000 01434nam a2200349 i 4500
003 EG-GICUC
005 20260422132809.0
008 260422s1911 fr fr|||| 001 0 fre d
040 _aEG-GiCUC
_bfre
_cEG-GiCUC
_dEG-GiCUC
_eRda
041 0 _afre
082 0 4 _221
_a343.111
_bBA . T
092 0 4 _221
099 _aLaw1 10 343.111 BA . T 1 ed - 1911
100 1 _aBarbier, Georges.
_eAuteur
245 1 2 _a Code Expliqué De La Presse:
_bTraité Général De La Police De La Presse Et Des Delits De Publication,
_cPar M. Georges Barbier/
_nTome Second.
250 _aDeuxième Édition :
_b complètement refondue et mise au courant de la doctrine, de la législation et de la jurisprudence.
264 _aParis :
_b Imprimerie Et Librairie Générale De Jurisprudence, Marchal & Billard,
_c1911.
300 _a415 page ;
_c 24 cm.
336 _2rda contenu
_a texte
337 _2rda medias
_aOrdinateur
338 _2 transporteur rda
_a Ressource en ligne
500 _a Par Paul Matter (Docteur En Droit, Avocat Général A La Cour De Cassation) Et J. Rondelet (Docteur En Droit, Conseiller A La Cour D'appel D'amiens).
546 _aTexte en français
650 1 4 _aDroit pénal.
_2qrmak
651 1 _2qrmak
700 1 _a Matter, Paul.
700 1 _a Rondelet, J.
710 _a Marchal & Billard.
856 4 0 _uhttps://fll.law.cu.edu.eg/fulltext/bks/B10-11261.pdf
905 _a171
942 _2ddc
_cBK
_e21
_n0
999 _c72823
_d72823